|
|
|
|
| LEADER |
00000nab a2200000 a 4500 |
| 001 |
vtls000780250 |
| 003 |
SK-MaSNL |
| 005 |
20260303181655.0 |
| 008 |
040806c2001 xo 0 slo |
| 015 |
|
|
|a SNBRB2002/01-01980
|
| 035 |
|
|
|a CLN000132002
|
| 040 |
|
|
|a SNKBUCL
|b slo
|c SNKBUCL
|e AACR2
|
| 041 |
0 |
|
|a slo
|
| 044 |
|
|
|a xo
|c SK
|
| 080 |
|
|
|a 659.3/.4:061.2(437.6)
|2 UDC-MRF-SK2
|
| 245 |
0 |
0 |
|a Prezentácia pred novinármi
|
| 610 |
2 |
7 |
|a Asociácia pre umenie a komunikáciu (Slovensko)
|2 snkbucl
|9 1208381
|
| 610 |
2 |
7 |
|a Asociácia európskych novinárov
|x kongresy
|2 snkbucl
|9 1208382
|
| 648 |
|
7 |
|a 2001
|2 snkbucl
|9 296180
|
| 650 |
0 |
7 |
|a kongresy
|2 snkbucl
|9 19200
|
| 773 |
0 |
|
|x 1335-2342
|t Dilema
|g Č. 12 (2001), s. 69-70
|
| 850 |
|
|
|a Slovenská národná knižnica v Martine
|
| 852 |
|
|
|a SNK
|b KIS3GCP
|
| 958 |
|
|
|a SK
|
| 999 |
|
|
|c 2113913
|d 2115843
|